Európa országai - Statistics

General Stats
  • This quiz has been taken 119 times
  • The average score is 35 of 45
Answers on the Map
Answers color-coded by a green-red scale on the quiz's map according to % correct below.
 
Answer Stats
Answer % Correct
Magyar
98%
Horvát
95%
Olasz
94%
Orosz
94%
Ausztria
92%
Francia
92%
Német
92%
Szlovénia
92%
Románia
91%
Spanyol
91%
Szlovákia
91%
Ukrajna
88%
Lengyel
86%
Portugália
86%
Svájc
86%
Svéd
86%
Finn
83%
Norvégia
83%
Görög
81%
Hollandia
81%
Cseh
80%
Írország
80%
Egyesült Királyság
78%
Szerbia
78%
Belgium
77%
Albánia
75%
Bulgária
75%
Dánia
75%
Lett
75%
Luxemburg
75%
Vatikán
75%
Észt
73%
Fehérorosz
73%
Litvánia
70%
Izland
69%
Bosznia
67%
Moldova
67%
Montenegró
67%
Andorra
63%
Málta
58%
Koszovó
56%
Monaco
56%
San Marino
56%
Liechtenstein
50%
Észak-Macedónia
44%
No matching quizzes found
Score Distribution
Percent of People with Each Score
Percentile by Number Answered
Your Score History
You have not taken this quiz